Phẫu thuật tiêu hóa trẻ em

Na minha lista:
Detalhes bibliográficos
Autor principal: Nguyễn Thanh Liêm
Formato: Livro
Idioma:Undetermined
Publicado em: Hà Nội Y Học 2000
Assuntos:
Tags: Adicionar Tag
Sem tags, seja o primeiro a adicionar uma tag!
Thư viện lưu trữ: Trung tâm Học liệu Trường Đại học Cần Thơ
LEADER 00586nam a2200193Ia 4500
001 CTU_43668
008 210402s9999 xx 000 0 und d
020 |b 54.000đ 
082 |a 617.430083 
082 |b L304 
100 |a Nguyễn Thanh Liêm 
245 0 |a Phẫu thuật tiêu hóa trẻ em 
245 0 |c Nguyễn Thanh Liêm 
260 |a Hà Nội 
260 |b Y Học 
260 |c 2000 
650 |a digestive organs - diseases,digestive organs - surgery,pediatric surgery 
904 |i Minh, 011002 
980 |a Trung tâm Học liệu Trường Đại học Cần Thơ